Genres d'arbres - Statistiques

Statistiques générales
  • Ce quiz a été pris 235 fois
  • Le résultat moyen est 9 sur 16
Statistiques - réponses
Genre Nom vernaculaire % Correct
Pinus Pin
99%
Picea Epicéa
78%
Tilia Tilleul
74%
Quercus Chêne
72%
Populus Peuplier
72%
Castanea Chataignier
64%
Betula Bouleau
61%
Salix Saule
58%
Fraxinus Frêne
56%
Olea Olivier
55%
Acer Erable
47%
Fagus Hêtre
42%
Malus Pommier
34%
Abies Sapin
33%
Carpinus Charme
30%
Juglans Noyer
28%
Aucun quiz correspondant
Distribution des résultats
% des personnes avec chaque résultat
Percentile par nombre de réponses
Votre historique - résultats
Vous n’avez pas pris ce quiz